Statistiques concernant Pays sans împots sur le revenu

Cliquez ici pour prendre le quiz!

Statistiques générales

  • Ce quiz a été pris 54 fois
  • Le résultat moyen est 7 sur 10

Statistiques - réponses

Pays % Correct
Monaco
81%
Qatar
77%
Émirats arabes unis
73%
Arabie saoudite
71%
Andorre
69%
Bahreïn
69%
Koweït
69%
Oman
67%
Brunei
56%
Bahamas
54%

Distribution des résultats

Percentile par nombre de réponses

% des personnes avec chaque résultat

Votre développement - résultats

Vous n’avez pas pris ce quiz